000 00455ntaaa2200181 4500
003 01
005 20251027202116.0
008 0714s1973 ag 01
040 _aAR-BaBN
_bspa
_cAR-BaBN
_eaacr
_dRIC
082 _a252.6000 V292
100 _aVaretto, Juan C
_97850
245 _aDiscursos evangélicos
250 _a1 ed.
260 _aBuenos Aires :
_bJunta Bautista de Publicaciones,
_c1926
300 _a161 p
650 _asermones
_9362
942 _cBK
999 _c15950
_d15950